[Event "18 Torneo San Viator"]
[Site "Madrid ESP"]
[Date "2012.05.27"]
[Round "8.12"]
[White "Tolosana Esteban, Enrique"]
[Black "Iturbide Arnedo, Oscar"]
[Result "0-1"]
[WhiteElo "1743"]
[BlackElo "2131"]
[PlyCount "110"]
[EventDate "2012.03.25"]
[EventType "swiss"]
[EventRounds "9"]
[EventCountry "ESP"]
[Source "lmi"]
[SourceDate "2012.03.25"]

1. e4 g6 2. d4 Bg7 3. f4 d5 4. e5 c5 5. Nf3 Nc6 6. c3 cxd4 7. Nxd4 Nh6 8. Na3
O-O 9. Be3 Nf5 10. Nxf5 Bxf5 11. Bd3 Bxd3 12. Qxd3 e6 13. O-O f6 14. Bc5 Rf7
15. exf6 Qxf6 16. Rae1 d4 17. Nb5 dxc3 18. Nxc3 b6 19. Qe4 Rc8 20. Bd6 Qd4+ 21.
Qxd4 Bxd4+ 22. Kh1 e5 23. fxe5 Nxe5 24. Nd5 Rxf1+ 25. Rxf1 Kg7 26. b3 Ng4 27.
h3 Nf2+ 28. Kh2 Rd8 29. Nc7 Kg8 30. Bg3 Ne4 31. Ne6 Nxg3 32. Kxg3 Be5+ 33. Kf3
Re8 34. Ng5 Rf8+ 35. Ke2 Rxf1 36. Kxf1 h6 37. Nf3 Bf6 38. Ke2 Kf7 39. Kd3 Ke6
40. Nd2 Kf5 41. Kc4 a6 42. Kd5 b5 43. Nf3 Kf4 44. Nd2 Be7 45. Kd4 h5 46. Ne4 g5
47. Nc3 Bf6+ 48. Kd3 Bxc3 49. Kxc3 Kg3 50. a4 bxa4 51. bxa4 Kxg2 52. Kb4 Kxh3
53. Ka5 g4 54. Kxa6 g3 55. Kb7 g2 0-1

[Event "18 Torneo San Viator"]
[Site "Madrid ESP"]
[Date "2012.05.27"]
[Round "8.13"]
[White "Lopez Guitian, Juan J"]
[Black "Garcia Sanjuan, Jose"]
[Result "0-1"]
[WhiteElo "1506"]
[BlackElo "1894"]
[PlyCount "78"]
[EventDate "2012.03.25"]
[EventType "swiss"]
[EventRounds "9"]
[EventCountry "ESP"]
[Source "lmi"]
[SourceDate "2012.03.25"]

1. d4 e6 2. c4 b6 3. Nc3 Bb7 4. a3 Nf6 5. Bg5 Be7 6. Qc2 d5 7. cxd5 Nxd5 8.
Bxe7 Qxe7 9. Nf3 a6 10. e3 Nc6 11. Rc1 Nxc3 12. Qxc3 O-O 13. Bd3 Rfc8 14. h4 h6
15. Bb1 Nd8 16. h5 c5 17. Qd3 f5 18. Ba2 Be4 19. Qd2 cxd4 20. Nxd4 Kh8 21. f3
Bb7 22. Kf2 Rxc1 23. Rxc1 Qh4+ 24. Kg1 Qxh5 25. Bxe6 Nxe6 26. Nxe6 Qg6 27. Nf4
Qg5 28. Qf2 Re8 29. Rd1 Kh7 30. g3 a5 31. Rd6 b5 32. b4 axb4 33. axb4 Qe7 34.
Rd3 Qxb4 35. Kg2 Qc5 36. Nh5 Re7 37. Qd2 Qc6 38. Qf2 g5 39. e4 fxe4 0-1

[Event "18 Torneo San Viator"]
[Site "Madrid ESP"]
[Date "2012.05.27"]
[Round "8.14"]
[White "Garcia-Ruiz Fuentes, Angel M"]
[Black "Gutierrez Mordini, Pablo"]
[Result "0-1"]
[WhiteElo "1873"]
[BlackElo "1735"]
[PlyCount "90"]
[EventDate "2012.03.25"]
[EventType "swiss"]
[EventRounds "9"]
[EventCountry "ESP"]
[Source "lmi"]
[SourceDate "2012.03.25"]

1. e4 e5 2. Bc4 Nf6 3. d4 Nxe4 4. dxe5 Qe7 5. Qd5 c6 6. Qxe4 d5 7. Bxd5 cxd5 8.
Qxd5 Nc6 9. Nf3 Bg4 10. Nbd2 Rd8 11. Qe4 Qb4 12. Qc4 Qxc4 13. Nxc4 Bxf3 14.
gxf3 Nd4 15. Kf1 b5 16. Nd6+ Bxd6 17. exd6 Rxd6 18. Bf4 Re6 19. c3 Nxf3 20. Be3
O-O 21. Kg2 Nh4+ 22. Kh3 Nf5 23. Bxa7 Re2 24. Rab1 Ra8 25. Rhe1 Rd2 26. a3 g6
27. Be3 Nxe3 28. fxe3 Rad8 29. Kg3 R8d3 30. h3 Rc2 31. Kf4 Rdd2 32. Ke5 Rxb2
33. Red1 Kg7 34. Rxb2 Rxb2 35. Ra1 Rh2 36. Kd4 Rxh3 37. Rb1 Rh5 38. e4 Kf6 39.
c4 bxc4 40. Kxc4 Ra5 41. Kb4 Ra7 42. Re1 Ke5 43. a4 h5 44. a5 g5 45. Rg1 Kf4
0-1

[Event "18 Torneo San Viator"]
[Site "Madrid ESP"]
[Date "2012.05.27"]
[Round "8.15"]
[White "Moreno Sanchez, Guillermo"]
[Black "Alonso Herrero, Ignacio"]
[Result "1/2-1/2"]
[WhiteElo "1649"]
[BlackElo "1809"]
[PlyCount "73"]
[EventDate "2012.03.25"]
[EventType "swiss"]
[EventRounds "9"]
[EventCountry "ESP"]
[Source "lmi"]
[SourceDate "2012.03.25"]

1. d4 e6 2. c4 b6 3. Nf3 Bb7 4. e3 Nf6 5. Bd3 c5 6. O-O Nc6 7. Nc3 d5 8. cxd5
Nxd5 9. Qa4 Qd7 10. Be4 Nxc3 11. bxc3 Be7 12. Re1 Qc7 13. Ba3 O-O 14. Rab1 Rab8
15. dxc5 bxc5 16. Rxb7 Rxb7 17. Bxc6 Rb6 18. Be4 Rd8 19. Rf1 f5 20. Bc2 g5 21.
Qc4 g4 22. Nd4 Qe5 23. Nxf5 Bf6 24. Qxg4+ Kh8 25. Nh6 Rb7 26. Qe4 Rg7 27. Qxe5
Bxe5 28. Bxc5 Bxc3 29. Bb3 Rd2 30. Rd1 Rxd1+ 31. Bxd1 Rc7 32. Bf8 Bg7 33. Bxg7+
Kxg7 34. Kf1 Kxh6 35. Ke2 Kg5 36. Kf3 e5 37. Bb3 1/2-1/2

[Event "18 Torneo San Viator"]
[Site "Madrid ESP"]
[Date "2012.05.27"]
[Round "8.16"]
[White "Padin Lazaro, Jose Manuel"]
[Black "Franco Rincon, David"]
[Result "1-0"]
[WhiteElo "1799"]
[BlackElo "1696"]
[PlyCount "81"]
[EventDate "2012.03.25"]
[EventType "swiss"]
[EventRounds "9"]
[EventCountry "ESP"]
[Source "lmi"]
[SourceDate "2012.03.25"]

1. e4 e5 2. Nf3 Nc6 3. Bb5 a6 4. Ba4 b5 5. Bb3 d6 6. O-O Be7 7. c3 Nf6 8. d4
Bg4 9. d5 Na5 10. Bc2 h6 11. h3 Bh5 12. a4 O-O 13. Qe2 Qd7 14. b4 Nb7 15. Bd3
bxa4 16. Nbd2 a5 17. Bb5 Qc8 18. Bc6 axb4 19. cxb4 Ra7 20. Nc4 Nd8 21. Na5 Qb8
22. Be3 Qxb4 23. Rxa4 Qb8 24. Bxa7 Qxa7 25. Qb5 Qb6 26. Rb1 Bg6 27. Nd2 Nh7 28.
Qxb6 cxb6 29. Rxb6 f5 30. f3 fxe4 31. Nxe4 Bxe4 32. Rxe4 Ng5 33. Re2 Ndf7 34.
Nc4 Bf6 35. Bd7 e4 36. Rb3 exf3 37. gxf3 Nxh3+ 38. Bxh3 Bd4+ 39. Kg2 Ng5 40.
Nxd6 Rd8 41. Re8+ 1-0

[Event "18 Torneo San Viator"]
[Site "Madrid ESP"]
[Date "2012.05.27"]
[Round "8.17"]
[White "Ibanez Moreno, Sergio"]
[Black "Mateos Cordero, Francisco"]
[Result "1-0"]
[WhiteElo "1795"]
[BlackElo "1491"]
[PlyCount "97"]
[EventDate "2012.03.25"]
[EventType "swiss"]
[EventRounds "9"]
[EventCountry "ESP"]
[Source "lmi"]
[SourceDate "2012.03.25"]

1. e4 c5 2. c4 Nc6 3. Nf3 d6 4. d4 Bg4 5. dxc5 dxc5 6. Be2 Qc7 7. Nc3 Rd8 8.
Nd5 Qc8 9. Bf4 Rd7 10. Qa4 Bxf3 11. Bxf3 e5 12. Bd2 Rd8 13. Rd1 Be7 14. O-O Nf6
15. Bc3 O-O 16. Nxe7+ Nxe7 17. Bxe5 Qe6 18. Bc7 Rxd1 19. Rxd1 Nc6 20. Bd6 Rd8
21. Bxc5 Rxd1+ 22. Qxd1 Qxc4 23. Bxa7 h6 24. Be3 Qxa2 25. Qc1 Nd7 26. h3 Qe6
27. Bg4 Qe8 28. Bxd7 Qxd7 29. Qc3 Qd6 30. b3 Qb4 31. Qxb4 Nxb4 32. Kf1 Nc6 33.
Ke2 Kf8 34. Kd3 b5 35. Bc5+ Ke8 36. f4 h5 37. g4 hxg4 38. hxg4 g6 39. e5 Kd7
40. Ke4 Na5 41. b4 Nb7 42. Kd5 Nd8 43. f5 gxf5 44. gxf5 Nc6 45. e6+ fxe6+ 46.
fxe6+ Kc7 47. Bd6+ Kb7 48. e7 Nxe7+ 49. Bxe7 1-0

[Event "18 Torneo San Viator"]
[Site "Madrid ESP"]
[Date "2012.05.27"]
[Round "8.18"]
[White "Sierra Soria, Maria"]
[Black "Ore Leon, Gustavo"]
[Result "0-1"]
[WhiteElo "1766"]
[BlackElo "1708"]
[PlyCount "94"]
[EventDate "2012.03.25"]
[EventType "swiss"]
[EventRounds "9"]
[EventCountry "ESP"]
[Source "lmi"]
[SourceDate "2012.03.25"]

1. e4 c5 2. Nf3 d6 3. d4 cxd4 4. Nxd4 Nf6 5. Nc3 a6 6. Bc4 e6 7. Bb3 Qc7 8. Qf3
Nbd7 9. O-O Nc5 10. Bg5 Be7 11. Qe3 h6 12. Bh4 b5 13. f3 Bb7 14. Bg3 O-O 15.
Rfe1 Rac8 16. a3 Rfd8 17. Ba2 Qb6 18. Rad1 Ncd7 19. Bf2 Ne5 20. Nxe6 Qxe3 21.
Bxe3 fxe6 22. Bxe6+ Kf8 23. Bxc8 Rxc8 24. Re2 Nc4 25. Bc1 Nxa3 26. b3 b4 27.
Bb2 Nxc2 28. Rxc2 bxc3 29. Rxc3 Rxc3 30. Bxc3 Nd7 31. b4 Bc6 32. Kf2 Nb6 33.
Ke3 Nc4+ 34. Kd4 Bb5 35. Bd2 Kf7 36. Be1 Bf6+ 37. Kd3 Nb2+ 38. Kd2 Nxd1 39.
Kxd1 Bd4 40. h4 Bf1 41. g3 Ke6 42. Kd2 d5 43. exd5+ Kxd5 44. Kc2 Kc4 45. Bd2
Bg2 46. g4 Bxf3 47. g5 h5 0-1

[Event "18 Torneo San Viator"]
[Site "Madrid ESP"]
[Date "2012.05.27"]
[Round "8.20"]
[White "Zhynguel Ramirez De Verger, Ale"]
[Black "Tevar Sanz, Gonzalo"]
[Result "1/2-1/2"]
[WhiteElo "1586"]
[BlackElo "1825"]
[PlyCount "177"]
[EventDate "2012.03.25"]
[EventType "swiss"]
[EventRounds "9"]
[EventCountry "ESP"]
[Source "lmi"]
[SourceDate "2012.03.25"]

1. d4 Nf6 2. Bf4 c5 3. e3 cxd4 4. exd4 Qb6 5. b3 Nc6 6. c3 Nd5 7. Bd2 e6 8. Nf3
a5 9. Bd3 Bd6 10. O-O Qc7 11. g3 b6 12. Ng5 Nf6 13. Ne4 Nxe4 14. Bxe4 Bb7 15.
Bg2 Ne7 16. Bxb7 Qxb7 17. Qg4 Ng6 18. Re1 f5 19. Qe2 O-O 20. a4 f4 21. Na3 f3
22. Qe4 Qc8 23. Nb5 Bc7 24. Re3 d5 25. Qxe6+ Kh8 26. Nxc7 Qxc7 27. Qxd5 Rad8
28. Qe4 Rde8 29. Qxe8 Qd6 30. Qe6 Qc7 31. d5 Qd8 32. Rae1 Qg5 33. Rxf3 Qxd2 34.
Rxf8+ Nxf8 35. Qc8 Qxe1+ 36. Kg2 Qe7 37. Qb8 Qc5 38. d6 Kg8 39. b4 axb4 40.
cxb4 Qc6+ 41. Kg1 Qxa4 42. Qxb6 h6 43. b5 Kh7 44. Qb8 Nd7 45. Qb7 Qd1+ 46. Kg2
Qxd6 47. Qe4+ g6 48. Qc6 Qd4 49. h4 h5 50. Kg1 Kg7 51. Kg2 Nb6 52. Qc7+ Kh6 53.
Qf4+ Qxf4 54. gxf4 Kg7 55. Kf3 Nc4 56. Ke2 Kf6 57. Kd3 Nb6 58. Kd4 Kf5 59. Kc5
Nd7+ 60. Kc6 Ke6 61. Kc7 Nf6 62. Kc6 Nd5 63. f3 Ne7+ 64. Kc7 Nd5+ 65. Kc6 Nb4+
66. Kc5 Nd3+ 67. Kc6 Nb4+ 68. Kc5 Nd5 69. Kc6 Ne7+ 70. Kc7 Nf5 71. b6 Nd6 72.
Kd8 Nb7+ 73. Kc7 Na5 74. Kd8 Kf5 75. Ke7 Nb7 76. Kf7 Nc5 77. Kg7 Nb7 78. Kf7
Nd6+ 79. Kg7 Nb7 80. Kf7 Nd8+ 81. Kg7 Nc6 82. Kf7 Nb8 83. Kg7 Nc6 84. Kf7 Nd8+
85. Kg7 Ne6+ 86. Kf7 Nd4 87. Kg7 Ne6+ 88. Kf7 Nd8+ 89. Kg7 1/2-1/2

[Event "18 Torneo San Viator"]
[Site "Madrid ESP"]
[Date "2012.05.27"]
[Round "8.22"]
[White "Cabeza Hernandez, Guillermo"]
[Black "Perez Perez, Elena"]
[Result "0-1"]
[WhiteElo "1527"]
[BlackElo "1709"]
[PlyCount "96"]
[EventDate "2012.03.25"]
[EventType "swiss"]
[EventRounds "9"]
[EventCountry "ESP"]
[Source "lmi"]
[SourceDate "2012.03.25"]

1. e4 e5 2. Nf3 Nc6 3. Bc4 Bc5 4. b4 Bxb4 5. c3 Ba5 6. d4 exd4 7. O-O Nf6 8. e5
Ne4 9. cxd4 d5 10. exd6 Qxd6 11. Ba3 Qf6 12. Qe2 Bf5 13. Bb2 Qh6 14. Bd5 Qf4
15. Bc1 Qg4 16. h3 Nxd4 17. Nxd4 Qxe2 18. Nxe2 c6 19. Bxe4 Bxe4 20. Nec3 Bxb1
21. Nxb1 O-O-O 22. Be3 Rd7 23. Na3 b5 24. Rad1 Rhd8 25. Rxd7 Rxd7 26. Nc2 a6
27. a3 Kb7 28. g4 Bc3 29. Kg2 Rd3 30. Nb4 Rd6 31. Kg3 Bb2 32. Nc2 Rd3 33. Kf4
Rc3 34. Nd4 Rc4 35. Rd1 c5 36. Ke4 Bxd4 37. Bxd4 Rxd4+ 38. Rxd4 cxd4 39. Kxd4
Kc6 40. f4 Kd6 41. h4 a5 42. h5 b4 43. axb4 axb4 44. Kc4 b3 45. Kxb3 Kd5 46. f5
Ke5 47. f6 Kxf6 48. Kc3 Kg5 0-1

[Event "18 Torneo San Viator"]
[Site "Madrid ESP"]
[Date "2012.05.27"]
[Round "8.24"]
[White "Garcia Otero, Pedro"]
[Black "Yaniz Lana, Francisco Javier"]
[Result "1/2-1/2"]
[WhiteElo "1701"]
[BlackElo "1664"]
[PlyCount "73"]
[EventDate "2012.03.25"]
[EventType "swiss"]
[EventRounds "9"]
[EventCountry "ESP"]
[Source "lmi"]
[SourceDate "2012.03.25"]

1. d4 Nf6 2. Nf3 d6 3. Bf4 Nbd7 4. h3 c5 5. c3 Qb6 6. Qb3 c4 7. Qxb6 axb6 8.
Na3 d5 9. Nb5 Ra5 10. Nc7+ Kd8 11. Ng5 e5 12. Bxe5 Nxe5 13. dxe5 Ne4 14. Nxf7+
Kxc7 15. Nxh8 Be6 16. f4 Be7 17. h4 Ra8 18. f5 Bg8 19. g4 Bc5 20. Rh2 Be3 21.
Rg2 Rd8 22. Rd1 d4 23. cxd4 Bxd4 24. e6 Bxb2 25. Rxd8 Kxd8 26. e3 c3 27. Bd3
Nd2 28. Rxd2 cxd2+ 29. Kxd2 Ke7 30. Bb5 g5 31. Nf7 Bxf7 32. exf7 gxh4 33. f8=Q+
Kxf8 34. Bf1 Bf6 35. Kd3 Ke7 36. Kc4 Bg5 37. e4 1/2-1/2

[Event "18 Torneo San Viator"]
[Site "Madrid ESP"]
[Date "2012.05.27"]
[Round "8.25"]
[White "Garcia Carcedo, Jesus"]
[Black "Herreros Ruiz, Jorge Alejandro"]
[Result "1/2-1/2"]
[WhiteElo "1842"]
[BlackElo "1460"]
[PlyCount "107"]
[EventDate "2012.03.25"]
[EventType "swiss"]
[EventRounds "9"]
[EventCountry "ESP"]
[Source "lmi"]
[SourceDate "2012.03.25"]

1. d4 Nf6 2. Bf4 g6 3. e3 Bg7 4. Nf3 d6 5. Be2 O-O 6. O-O Bg4 7. Nbd2 Nh5 8. h3
Nxf4 9. exf4 Bxf3 10. Bxf3 c6 11. c3 Qd7 12. Bg4 e6 13. Kh2 Qc7 14. g3 Nd7 15.
Nc4 Nb6 16. Ne3 d5 17. Ng2 Nd7 18. Re1 Qb6 19. Qb3 Qxb3 20. axb3 a6 21. b4 Nb6
22. b3 Nd7 23. Re2 Ra7 24. Ne1 Nf6 25. Bf3 Nd7 26. Nd3 b6 27. Rea2 Rfa8 28. Be2
f6 29. Ne1 Nb8 30. b5 a5 31. b4 cxb5 32. Bxb5 Bf8 33. bxa5 bxa5 34. c4 dxc4 35.
Bxc4 Kg7 36. Bxe6 Ra6 37. Bd5 R8a7 38. Bc4 Rc6 39. Bb5 Rb6 40. Rxa5 Rxa5 41.
Rxa5 Bb4 42. Ra7+ Kh6 43. Nd3 Rxb5 44. g4 Bd6 45. h4 g5 46. hxg5+ fxg5 47. Ne5
Bxe5 48. fxe5 Kg6 49. Kg2 Rd5 50. Ra4 Kf7 51. Kf3 Ke6 52. Ke4 Rb5 53. Ra7 Rb4
54. Rxh7 1/2-1/2

[Event "18 Torneo San Viator"]
[Site "Madrid ESP"]
[Date "2012.05.27"]
[Round "8.26"]
[White "Bermejo Jimenez, Adolfo"]
[Black "Moreno Zamora, Gregorio"]
[Result "0-1"]
[WhiteElo "1812"]
[BlackElo "1760"]
[PlyCount "50"]
[EventDate "2012.03.25"]
[EventType "swiss"]
[EventRounds "9"]
[EventCountry "ESP"]
[Source "lmi"]
[SourceDate "2012.03.25"]

1. e4 c6 2. d4 d5 3. Nc3 dxe4 4. Nxe4 Nd7 5. Bc4 Ngf6 6. Qf3 e6 7. Bg5 Be7 8.
Ne2 Nxe4 9. Bxe7 Qxe7 10. Bxe6 Qxe6 11. Nf4 Ng5+ 12. Nxe6 Nxf3+ 13. gxf3 fxe6
14. O-O-O O-O 15. Rd3 e5 16. Re1 exd4 17. Rxd4 Nf6 18. Red1 Bf5 19. Re1 Rae8
20. Re3 Nd5 21. Rb3 Re1+ 22. Kd2 Rfe8 23. Rxd5 R8e2+ 24. Kc3 Rxc2+ 25. Kb4 cxd5
0-1

[Event "18 Torneo San Viator"]
[Site "Madrid ESP"]
[Date "2012.05.27"]
[Round "8.27"]
[White "Escanciano Reyero, Daniel"]
[Black "Gil Calvente, Jose Antonio"]
[Result "0-1"]
[WhiteElo "1756"]
[BlackElo "1677"]
[PlyCount "46"]
[EventDate "2012.03.25"]
[EventType "swiss"]
[EventRounds "9"]
[EventCountry "ESP"]
[Source "lmi"]
[SourceDate "2012.03.25"]

1. e4 c5 2. Nc3 Nc6 3. f4 d6 4. Bc4 Nf6 5. Nf3 Bg4 6. O-O Nd4 7. d3 Nxf3+ 8.
gxf3 Bh3 9. Re1 e6 10. Bb5+ Nd7 11. f5 Qf6 12. Bf4 O-O-O 13. Qd2 h6 14. fxe6
fxe6 15. Bxd7+ Rxd7 16. e5 Qg6+ 17. Kh1 d5 18. Nb5 a6 19. Nd6+ Bxd6 20. exd6
Rf8 21. Re2 Qf5 22. Bg3 Qxf3+ 23. Rg2 Rdf7 0-1

[Event "18 Torneo San Viator"]
[Site "Madrid ESP"]
[Date "2012.05.27"]
[Round "8.28"]
[White "Rasillo Fuentes, Raul"]
[Black "Castro Uceda, Jose Antonio"]
[Result "0-1"]
[WhiteElo "1653"]
[BlackElo "1658"]
[PlyCount "68"]
[EventDate "2012.03.25"]
[EventType "swiss"]
[EventRounds "9"]
[EventCountry "ESP"]
[Source "lmi"]
[SourceDate "2012.03.25"]

1. d4 d5 2. c4 c6 3. Nc3 Nf6 4. Nf3 Bg4 5. Bg5 Bxf3 6. exf3 e6 7. cxd5 cxd5 8.
Bb5+ Nc6 9. Qa4 Qb6 10. O-O Be7 11. Bxc6+ Qxc6 12. Qxc6+ bxc6 13. Rac1 O-O 14.
Na4 Rfc8 15. Rc2 Rab8 16. a3 h6 17. Bh4 Kf8 18. Rfc1 g5 19. Bg3 Rb5 20. b4 a5
21. Nc3 Rb6 22. bxa5 Ra6 23. h4 Rxa5 24. Nb1 c5 25. hxg5 hxg5 26. Be5 c4 27.
Kh2 Nd7 28. Ra2 f6 29. Bg3 e5 30. dxe5 fxe5 31. Re1 Bf6 32. Rc2 d4 33. Nd2 c3
34. Nc4 Rxc4 0-1

[Event "18 Torneo San Viator"]
[Site "Madrid ESP"]
[Date "2012.05.27"]
[Round "8.29"]
[White "Zumel Zea, Javier"]
[Black "Rendo Quiros, Pedro"]
[Result "1/2-1/2"]
[WhiteElo "1617"]
[BlackElo "1643"]
[PlyCount "49"]
[EventDate "2012.03.25"]
[EventType "swiss"]
[EventRounds "9"]
[EventCountry "ESP"]
[Source "lmi"]
[SourceDate "2012.03.25"]

1. e4 c5 2. d4 cxd4 3. c3 dxc3 4. Nxc3 Nc6 5. Nf3 d6 6. Bc4 e6 7. O-O Be7 8.
Bf4 Nf6 9. Nb5 e5 10. Bg5 a6 11. Bxf6 gxf6 12. Nc3 Rg8 13. g3 Bg4 14. Qb3 Rg7
15. Nd5 Na5 16. Qa4+ b5 17. Bxb5+ axb5 18. Qxb5+ Kf8 19. Nh4 Rb8 20. Qa6 Nb7
21. b4 Be6 22. Nf5 Bxf5 23. exf5 Qd7 24. Qa7 Re8 25. Rac1 1/2-1/2

[Event "18 Torneo San Viator"]
[Site "Madrid ESP"]
[Date "2012.05.27"]
[Round "8.30"]
[White "Ramos Pinto, Jose Maria"]
[Black "Andres Rodriguez, Florencio"]
[Result "1-0"]
[WhiteElo "1593"]
[BlackElo "1583"]
[PlyCount "85"]
[EventDate "2012.03.25"]
[EventType "swiss"]
[EventRounds "9"]
[EventCountry "ESP"]
[Source "lmi"]
[SourceDate "2012.03.25"]

1. d4 Nf6 2. Nf3 g6 3. c4 Bg7 4. Nc3 O-O 5. g3 d6 6. Bg2 Nbd7 7. O-O c5 8. e3
Rb8 9. b3 Re8 10. Bb2 a6 11. a4 Qc7 12. Re1 e5 13. dxe5 Nxe5 14. Nxe5 dxe5 15.
e4 Bg4 16. Qc2 Rbd8 17. h3 Bc8 18. Nd5 Nxd5 19. cxd5 Bd7 20. Rac1 b6 21. b4 Rc8
22. a5 Bf8 23. axb6 Qxb6 24. bxc5 Bxc5 25. Rb1 Qa7 26. Qd2 Rb8 27. Bc3 f6 28.
g4 Rxb1 29. Rxb1 Rb8 30. Rxb8+ Qxb8 31. Qc2 Qb6 32. Bf1 Bb5 33. Bxb5 axb5 34.
g5 b4 35. Bb2 b3 36. Qe2 Bd4 37. gxf6 Bxb2 38. Qxb2 Qd4 39. Qxb3 Qxe4 40. d6+
Kf8 41. d7 Qe1+ 42. Kg2 Qe4+ 43. Qf3 1-0

[Event "18 Torneo San Viator"]
[Site "Madrid ESP"]
[Date "2012.05.27"]
[Round "8.34"]
[White "Cujba, Anca-Claudia"]
[Black "Carballido Mateo, Ignacio"]
[Result "1-0"]
[WhiteElo "1859"]
[BlackElo "1395"]
[PlyCount "65"]
[EventDate "2012.03.25"]
[EventType "swiss"]
[EventRounds "9"]
[EventCountry "ESP"]
[Source "lmi"]
[SourceDate "2012.03.25"]

1. e4 e5 2. Nf3 d6 3. d4 f6 4. dxe5 fxe5 5. Nxe5 dxe5 6. Qh5+ Kd7 7. Qxe5 Qe7
8. Qd4+ Qd6 9. Qa4+ c6 10. Be3 Qb4+ 11. Nc3 Qxa4 12. O-O-O+ Ke8 13. Nxa4 Nd7
14. Be2 Ngf6 15. Nc3 b5 16. f3 Kf7 17. g4 Bb4 18. Bd4 Re8 19. h4 a6 20. h5 c5
21. Bf2 Bxc3 22. bxc3 c4 23. g5 Nxe4 24. fxe4 Ne5 25. Bd4 Bg4 26. Bxe5 Bxe2 27.
Rd7+ Ke6 28. Rd5 Ra7 29. Bd4 Rf7 30. Rh2 Bf3 31. Rd2 Rf4 32. Re5+ Kf7 33. g6+
1-0

[Event "18 Torneo San Viator"]
[Site "Madrid ESP"]
[Date "2012.05.27"]
[Round "8.35"]
[White "Algaba Traspuesto, Jose Antonio"]
[Black "Perez Mondejar, Adler"]
[Result "1-0"]
[WhiteElo "1674"]
[BlackElo "1423"]
[PlyCount "53"]
[EventDate "2012.03.25"]
[EventType "swiss"]
[EventRounds "9"]
[EventCountry "ESP"]
[Source "lmi"]
[SourceDate "2012.03.25"]

1. d4 Nf6 2. Nf3 g6 3. Nc3 Bg7 4. e4 d5 5. e5 Ne4 6. Nxe4 dxe4 7. Ng5 f6 8.
exf6 exf6 9. Nxe4 f5 10. Ng5 Qxd4 11. Bd3 O-O 12. O-O Nc6 13. c3 Qd6 14. Bc4+
Kh8 15. Qxd6 cxd6 16. Nf7+ Kg8 17. Nxd6+ Kh8 18. Bg5 Bd7 19. Nf7+ Kg8 20. Nh6+
Kh8 21. Rad1 Bxh6 22. Bxh6 Rfd8 23. Bg5 Re8 24. Rxd7 Rf8 25. Rfd1 Ne5 26. R7d4
Nxc4 27. Rxc4 1-0

[Event "18 Torneo San Viator"]
[Site "Madrid ESP"]
[Date "2012.05.27"]
[Round "8.37"]
[White "Garcia Rojas, Juan Carlos"]
[Black "Herreros Lucas, Jose L"]
[Result "1/2-1/2"]
[WhiteElo "1555"]
[BlackElo "1545"]
[PlyCount "125"]
[EventDate "2012.03.25"]
[EventType "swiss"]
[EventRounds "9"]
[EventCountry "ESP"]
[Source "lmi"]
[SourceDate "2012.03.25"]

1. e4 c5 2. Nc3 e6 3. Nf3 Be7 4. d3 d6 5. Bd2 Nf6 6. b3 a6 7. Be2 b6 8. O-O Bb7
9. Na4 Nbd7 10. c4 Rc8 11. Bc3 e5 12. a3 O-O 13. Nd2 Bc6 14. Nb2 Re8 15. b4 Rb8
16. Qc2 Nf8 17. Nb3 Ne6 18. g3 Qd7 19. a4 cxb4 20. Bxb4 Qb7 21. Bf3 Red8 22.
Bc3 b5 23. Na5 Qb6 24. Nxc6 Qxc6 25. axb5 axb5 26. Qe2 b4 27. Bd2 Nd4 28. Qd1
Ra8 29. Bxb4 Rxa1 30. Qxa1 Nxf3+ 31. Kg2 Nd4 32. Qd1 Qb7 33. Bc3 Rb8 34. Qd2 h6
35. Nd1 Nd7 36. Ne3 Bg5 37. f4 exf4 38. gxf4 Bf6 39. Qf2 Ne6 40. Bxf6 Nxf6 41.
Nf5 Qb2 42. Nxd6 Qxf2+ 43. Rxf2 Nxf4+ 44. Rxf4 Rb2+ 45. Kh3 Rd2 46. Rf3 h5 47.
c5 Kf8 48. e5 Ng4 49. Rxf7+ Kg8 50. e6 Rxd3+ 51. Kh4 Nf6 52. e7 Rd4+ 53. Kg3
Rd3+ 54. Kg2 Rd2+ 55. Kf3 Rxd6 56. cxd6 Kxf7 57. Kf4 Ke6 58. Kg5 Kxd6 59. e8=N+
Nxe8 60. Kxh5 Ke6 61. Kg6 Ke7 62. h4 Kf8 63. h5 1/2-1/2

[Event "18 Torneo San Viator"]
[Site "Madrid ESP"]
[Date "2012.05.27"]
[Round "8.42"]
[White "Villarroya Samaniego, Javier"]
[Black "Vicioso Barbadillo, Juan J"]
[Result "1-0"]
[WhiteElo "1505"]
[BlackElo "1556"]
[PlyCount "95"]
[EventDate "2012.03.25"]
[EventType "swiss"]
[EventRounds "9"]
[EventCountry "ESP"]
[Source "lmi"]
[SourceDate "2012.03.25"]

1. c4 c5 2. g3 Nf6 3. Bg2 Nc6 4. e3 e5 5. Ne2 d5 6. cxd5 Nxd5 7. O-O Be7 8.
Nbc3 Be6 9. b3 O-O 10. Bb2 a6 11. Nxd5 Bxd5 12. e4 Be6 13. Bc3 Bf6 14. Rc1 b6
15. f4 Bg4 16. fxe5 Bxe5 17. Bxe5 Nxe5 18. h3 Be6 19. Nf4 Qd4+ 20. Kh2 Rae8 21.
Rc3 Qd7 22. Qe2 Qb7 23. Nd3 Nxd3 24. Qxd3 Rd8 25. Qe3 Qc6 26. Rd1 f5 27. exf5
Bd5 28. Bxd5+ Qxd5 29. Qe6+ Qxe6 30. fxe6 Rfe8 31. Re3 b5 32. d3 Rd6 33. Rde1
a5 34. g4 a4 35. Kg3 axb3 36. axb3 c4 37. bxc4 bxc4 38. dxc4 Rc6 39. Re4 Rc7
40. g5 g6 41. h4 Kg7 42. Kg4 h5+ 43. gxh6+ Kxh6 44. Rf1 Rg8 45. e7 Rxe7 46.
Rxe7 Rg7 47. Rxg7 Kxg7 48. c5 1-0

[Event "18 Torneo San Viator"]
[Site "Madrid ESP"]
[Date "2012.06.03"]
[Round "9.1"]
[White "Bermejo Redondo, Oscar"]
[Black "De La Horra Del Barco, Ricardo"]
[Result "0-1"]
[WhiteElo "1883"]
[BlackElo "2055"]
[PlyCount "99"]
[EventDate "2012.03.25"]
[EventType "swiss"]
[EventRounds "9"]
[EventCountry "ESP"]
[Source "lmi"]
[SourceDate "2012.03.25"]

1. d4 Nf6 2. c4 e6 3. Nc3 d5 4. Nf3 Be7 5. g3 O-O 6. Bg2 b6 7. Ne5 Bb7 8. O-O
c5 9. e3 Nbd7 10. Nxd7 Qxd7 11. cxd5 exd5 12. b3 Rac8 13. Bd2 Rfd8 14. a4 c4
15. Qb1 Ba6 16. Rc1 cxb3 17. Qxb3 Bc4 18. Qb2 a6 19. f3 h5 20. Be1 Nh7 21. h4
Rc6 22. Nb1 Rg6 23. Nd2 Bd3 24. Qc3 Bf5 25. Qc7 Qe8 26. Bf2 Bd6 27. Qc3 Bxg3
28. Bxg3 Rxg3 29. Kf2 Rg6 30. e4 dxe4 31. fxe4 Bg4 32. e5 Qe7 33. Rh1 Rc8 34.
Qd3 Qd7 35. Be4 Rh6 36. Rhc1 Rd8 37. d5 Qe7 38. Qg3 f5 39. exf6 Rxf6+ 40. Kg1
Rfd6 41. Re1 Qd7 42. Nc4 Rf6 43. Rf1 Rxf1+ 44. Rxf1 Nf6 45. Rxf6 gxf6 46. Ne3
Qxa4 47. Qf4 Kg7 48. Nxg4 Qd1+ 49. Kf2 Qxg4 50. Qe3 0-1

[Event "18 Torneo San Viator"]
[Site "Madrid ESP"]
[Date "2012.06.03"]
[Round "9.2"]
[White "Perez Calahorra, Ricardo"]
[Black "Cuadrado Lopez, Francisco Javie"]
[Result "1-0"]
[WhiteElo "2158"]
[BlackElo "1970"]
[PlyCount "109"]
[EventDate "2012.03.25"]
[EventType "swiss"]
[EventRounds "9"]
[EventCountry "ESP"]
[Source "lmi"]
[SourceDate "2012.03.25"]

1. d4 d5 2. c4 c6 3. g3 Nf6 4. Bg2 Bf5 5. Nd2 Nbd7 6. Ngf3 h6 7. O-O e6 8. Re1
Be7 9. b3 O-O 10. Bb2 a5 11. h3 Ne4 12. Nxe4 Bxe4 13. Nd2 Bxg2 14. Kxg2 f5 15.
Qc1 Qe8 16. Ba3 Rf7 17. Nf3 Bxa3 18. Qxa3 e5 19. dxe5 Nxe5 20. cxd5 cxd5 21.
Qc5 Rd7 22. Rad1 Nxf3 23. exf3 Qd8 24. Re5 Rc8 25. Qd4 Qf6 26. Rxd5 Qxd4 27.
R1xd4 Re7 28. Rd8+ Rxd8 29. Rxd8+ Kh7 30. Rd5 b6 31. Rxf5 Re2 32. a4 Rc2 33. h4
Rc3 34. Rb5 Rc6 35. h5 Kg8 36. g4 Kf7 37. Kg3 Rd6 38. f4 Kg8 39. g5 Kf7 40. Kg4
hxg5 41. fxg5 Kg8 42. g6 Rf6 43. f4 Rd6 44. Kg5 Rc6 45. h6 Rf6 46. Rd5 Rf8 47.
hxg7 Kxg7 48. Rd7+ Kg8 49. f5 Rc8 50. Kh6 Rf8 51. Rg7+ Kh8 52. Rf7 Rc8 53. f6
b5 54. Rh7+ Kg8 55. f7+ 1-0